000 00709nam a2200205Ia 4500
005 20250508153951.0
008 008 250505s9999 xx 000 0 eng d
037 _aTextual
040 _aFEDL
_beng
_cFEDL
041 _aeng
_2eng
084 _a370, BRO
_qFEDL
100 _aBrown Muriel W.
_9764772
245 0 _aWith focus on family living : The story of four experiments in community organization for family life education
245 0 _cU. S. Department of Health, Education, and Welfare. Marion B. Folsom
260 _aWashington, USA
_bU.S. Government Printing Office
_c1956
300 _aviii,247p.
650 _aEducation
942 _cTEXL
_h370, BRO
999 _c1346680
_d1346680